书目信息 |
| 题名: |
中学教师进修高等师范专科公共课教学大纲
|
|
| 作者: | ;国家教育委员会师范教育司 编 | |
| 分册: | ||
| 出版信息: | 长春 东北师范大学出版社 1992.5 |
|
| 页数: | 119页 | |
| 开本: | 19cm | |
| 丛书名: | ||
| 单 册: | ||
| 中图分类: | G658.3 | |
| 科图分类: | 38.48 | |
| 主题词: | 课程-教学大纲--高等师范教育 , 教学大纲-课程--高等师范教育 | |
| 电子资源: | ||
| ISBN: | 7-5602-0718-9 | |
| 000 | 00966nam0 2200253 45 | |
| 001 | 0192014828 | |
| 005 | 20070709160757.45 | |
| 010 | @a7-5602-0718-9@dCNY2.20 | |
| 020 | @aCN@b92014828 | |
| 100 | @a19921209d1992 em y0chiy0121 ea | |
| 101 | 0 | @achi |
| 102 | @aCN@b220000 | |
| 105 | @ay z 000yy | |
| 200 | 10 | @a中学教师进修高等师范专科公共课教学大纲@Azhong xue jiao shi jin xiu gao deng shi fan zhuan ke gong gong ke jiao xue da gang@f国家教育委员会师范教育司编@Fguo jia jiao yu wei yuan hui shi fan jiao yu si bian |
| 210 | @a长春@c东北师范大学出版社@d1992.5 | |
| 215 | @a119页@d19cm | |
| 540 | 1 | @a中学教师 公共课 教学大纲@Azhong xue jiao shi gong gong ke jiao xue da gang |
| 606 | @a课程-教学大纲@x高等师范教育 | |
| 606 | @a教学大纲-课程@x高等师范教育 | |
| 690 | @aG658.3 | |
| 692 | @a38.48 | |
| 711 | 02 | @a国家教育委员会师范教育司@Aguo jia jiao yu wei yuan hui shi fan jiao yu si@4编 |
| 801 | 0 | @aCN@bTSSF@c20070709 |
| 905 | @a10447@dG658.3@e71 | |
| 中学教师进修高等师范专科公共课教学大纲/国家教育委员会师范教育司编.-长春:东北师范大学出版社,1992.5 |
| 119页;19cm |
| ISBN 7-5602-0718-9:CNY2.20 |
| ● |
| 相关链接 |
|
|
|
|
正题名:中学教师进修高等师范专科公共课教学大纲
索取号:G658.3/71
 
预约/预借
| 序号 | 登录号 | 条形码 | 馆藏地/架位号 | 状态 | 备注 |
| 1 | 0635794 | 206357949 | 第一样本阅览室/ [索取号:G658.3/71] | 在馆 | |
| 2 | 0635795 | 206357958 | 密集书库/ [索取号:G658.3/71] | 在馆 | |
| 3 | 0635796 | 206357967 | 密集书库/ [索取号:G658.3/71] | 在馆 | |
| 4 | 0768804 | 207688046 | 密集书库/ [索取号:G658.3/71] | 在馆 |